00649nam a22001577a 4500008004100000020001500041050002500056245009400081260004100175300001500216650004800231650004800279942001200327999001700339952013500356220822b |||||||| |||| 00| 0 eng d a0470021322 aRC489b.H35 2004 c.1 aA Handbook of Brief Cognitive Behaviour Theraphy/cEdited by Frank W. Bond & Windy Dryden aChichesterbJohn Wiley & Sons c2004 axii, 318p. aCognitive theraphy vHandbooks, manuals etc aBrief Psychoterapy vHandbooks, manuals etc 2lcccBK c19442d19441 00102lcc70aKABUbKABUd2022-08-22g5963.00i0972/2022l0oRC489 .H35 2004 c.1p032545r2022-08-22 00:00:00tc.1w2022-08-22yBK